=LDR 00000nam 2200000 4500 =001 INLIS000000000029544 =005 20130612131753 =008 ***********************************Ind** =035 ##$$0010-061300000029544 =041 ##$$a Ind =082 ##$$a 612.405 =090 ##$$a 612.405, Fai m =100 ##$$a Faigin, Rob =245 ##$$a Meningkatkan hormon secara alami, cara tepat memanfaatkan hormon sendiri tanpa rekayaan alternatif untuk meraih keelokan tubuh, keperkasaan dan ketangguhan, Rob Faigin ; penerjemah, Sugebg Haryanto =260 ##$$a 2001 $b Jakarta =300 ##$$a xxii, 376 hlm, ilus, 24 cm =650 ##$$a Hormon =850 ##$$a NBPNMAT =990 ##$$a 0001/BPAP-NTB/20142014 =990 ##$$a 0001/BPAP-NTB/20142015